000 00579nam a2200205Ia 4500
001 15374
003 GE_BSU
008 181216s||||||||xx |||||||||||||| ||und||
040 _cGE_BSU
080 _a821.353.1-1
100 _aქუჩიშვილი,გიორგი
245 _aლექსები
245 _cრედ. შალვა რადიანი
260 _aთბილისი
260 _bსახელგამი
260 _c1935
300 _a315გვ.1ფ.პორტრ.18სმ.
653 _aლექსები
942 _cBK
999 _c48480
_d48480